| Tag |
First Indicator |
Second Indicator |
Subfields |
| LEADER |
00000cam a2200000 4500 |
| 001 |
in00000026326 |
| 005 |
20231013162300.0 |
| 008 |
750512s1953 nyua b 000 0 eng u |
| 010 |
|
|
|a 53001821
|
| 035 |
|
|
|a (OCoLC)01327857
|
| 035 |
|
|
|9 AAD1520AM
|
| 040 |
|
|
|c YKM
|d TXA
|d UtOrBLW
|
| 049 |
|
|
|a TXAM
|c [426282]
|
| 050 |
|
0 |
|a TP857
|b .T6
|
| 092 |
|
|
|a 666.1
|b T671h
|
| 100 |
1 |
|
|a Tooley, Fay V.
|q (Fay VaNisle),
|d 1908-1992.
|
| 245 |
1 |
0 |
|a Handbook of glass manufacture ;
|b a book of reference for the plant executive, technologist, and engineer.
|
| 264 |
|
1 |
|a New York :
|b Ogden Pub. Co.,
|c [1953]
|
| 300 |
|
|
|a vii,506 pages :
|b illustrations, tables. ;
|c 24 cm.
|
| 336 |
|
|
|a text
|b txt
|2 rdacontent
|
| 337 |
|
|
|a unmediated
|b n
|2 rdamedia
|
| 338 |
|
|
|a volume
|b nc
|2 rdacarrier
|
| 500 |
|
|
|a A substantial revision of Handbook of the glass industry, edited by Samuel Ray Scholes.
|
| 504 |
|
|
|a Includes bibliographies.
|
| 650 |
|
0 |
|a Glass manufacture.
|
| 700 |
1 |
|
|a Scholes, Samuel Ray,
|d 1884-1974.
|t Handbook of the glass industry.
|
| 999 |
|
|
|a MARS
|
| 999 |
f |
f |
|s caaf6684-ef6b-3dce-bb5c-f8e6c69391aa
|i 6f2052f5-cc29-34d5-8838-a33480b7b211
|t 0
|
| 952 |
f |
f |
|p ric
|a Texas A&M University
|b Rellis Campus
|c Joint Library Facility
|d Remote Storage
|t 0
|e TP857 .T6
|h Library of Congress classification
|i unmediated -- volume
|m A14801116005
|
| 998 |
f |
f |
|a TP857 .T6
|t 0
|l Remote Storage
|